Ground water in permafrost regions : an annotated bibliography /

Bibliographic Details
Main Author: Williams, John R., 1924- (Author)
Format: Government Document eBook
Language:English
Published: Washington, D.C. : United States Department of the Interior, Geological Survey, 1965.
Series:Geological Survey water-supply paper ; 1792.
Subjects:
Online Access:https://purl.fdlp.gov/GPO/gpo108368

MARC

Tag First Indicator Second Indicator Subfields
LEADER 00000cam a2200000 i 4500
001 in00004012621
005 20190122121056.0
006 m o d f
007 cr n||||||||||
008 161118s1965 dcub ob f001 0 eng c
035 |a (OCoLC)ocn963234818 
040 |a COP  |b eng  |e rda  |e pn  |c COP  |d OCLCO  |d OCLCF  |d GPO  |d MvI  |d UtOrBLW 
042 |a pcc 
049 |a WWW 
074 |a 0625 (online) 
086 0 |a I 19.13:1792 
100 1 |a Williams, John R.,  |d 1924-  |e author.  |0 http://id.loc.gov/authorities/names/n82077116 
245 1 0 |a Ground water in permafrost regions :  |b an annotated bibliography /  |c by John R. Williams. 
264 1 |a Washington, D.C. :  |b United States Department of the Interior, Geological Survey,  |c 1965. 
264 2 |a Washington, D.C. :  |b United States Government Printing Office 
300 |a 1 online resource (iii, 294 pages, 1 page of plates) :  |b map. 
336 |a text  |b txt  |2 rdacontent 
337 |a computer  |b c  |2 rdamedia 
338 |a online resource  |b cr  |2 rdacarrier 
490 1 |a Geological Survey water-supply paper ;  |v 1792 
500 |a Additional title page description: A brief history of permafrost investigations in the Soviet Union, United States, and Canada is given; annotations with particular emphasis on Alaska and a glossary of terms are included. 
504 |a Includes bibliographical references (pages 12-15) and index. 
588 |a Description based on online resource, PDF version; title from title page (USGS, viewed Sept. 5, 2018). 
650 0 |a Frozen ground  |v Bibliography. 
650 0 |a Groundwater  |v Bibliography.  |0 http://id.loc.gov/authorities/subjects/sh2009126107 
650 0 |a Water-supply  |v Bibliography.  |0 http://id.loc.gov/authorities/subjects/sh2010118374 
650 7 |a Frozen ground.  |2 fast  |0 (OCoLC)fst00935479 
650 7 |a Groundwater.  |2 fast  |0 (OCoLC)fst00948209 
650 7 |a Water-supply.  |2 fast  |0 (OCoLC)fst01172350 
655 7 |a Bibliography.  |2 fast  |0 (OCoLC)fst01423717 
710 2 |a Geological Survey (U.S.),  |e issuing body.  |0 http://id.loc.gov/authorities/names/n80092173 
776 0 8 |i Paper version:  |a Williams, John R.  |t Ground water in permafrost regions: an annotated bibliography  |w (OCoLC)4071134 
830 0 |a Geological Survey water-supply paper ;  |v 1792.  |0 http://id.loc.gov/authorities/names/n86747816 
856 4 0 |u https://purl.fdlp.gov/GPO/gpo108368  |t 0 
999 f f |s 540fd8c5-140b-3f26-88ad-f8616d7376ca  |i e6bc7f2b-d36a-38ae-bebb-c144da4ae906  |t 0 
952 f f |a Texas A&M University  |b College Station  |c Electronic Resources  |d Available Online  |t 0  |e I 19.13:1792  |h Superintendent of Documents classification 
998 f f |a I 19.13:1792  |t 0  |l Available Online